Normal view
MARC view
Entry Geographic Name
001 - CONTROL NUMBER
- control field: 37294
003 - CONTROL NUMBER IDENTIFIER
- control field: ARRUPE
005 - DATE AND TIME OF LATEST TRANSACTION
- control field: 20171026123027.0
008 - FIXED-LENGTH DATA ELEMENTS
- fixed length control field: 171026|| aca||aabn | a|a d
040 ## - CATALOGING SOURCE
- Original cataloging agency: ARRUPE
- Transcribing agency: ARRUPE
151 ## - HEADING--GEOGRAPHIC NAME
- Geographic name: Europe
- General subdivision: Politics and government
- Chronological subdivision: 1789-1815.
670 ## - SOURCE DATA FOUND
- Source citation: Work cat.: (ARRUPE)0: Rapport, Michael. 37292, The Napoleonic Wars :, 2013.